| 000 | 00405 a2200157 4500 | ||
|---|---|---|---|
| 005 | 20250519145311.0 | ||
| 020 | _a978-1-292-4224-4 | ||
| 082 | _a620.1 | ||
| 100 | _aKALPAKJIAN, S. | ||
| 245 | _aManufacturing Engineering and Technology | ||
| 250 | _a8th Ed. | ||
| 260 |
_aUnited Kingdom, _bPearson, _c2023. |
||
| 300 |
_a1312p.; _bill.; _c27cm. |
||
| 700 | _aSCHMID, S. R & SEKAR, K. S. | ||
| 942 |
_2ddc _cBKS |
||
| 999 |
_c2456 _d2456 |
||